00439nam a2200145Ia 4500008004100000040001800041041000800059100001900067245003700086260006300123300001800186490003900204650002400243650002600267130821s1976 ck gr spa  aCo-BoUCMbspa00aspa1 aAraujo, Helena10aSignos y mensajescHelena Araujo aBogotá (Colombia)bInstituto Colombiano de Culturac1976 a240 páginas aColección autores nacionalesv13 aEnsayos colombianos aLiteratura colombiana